Theatre & Sexuality/ (Record no. 213297)

MARC details
000 -LEADER
fixed length control field 00585nam a22001817a 4500
005 - DATE AND TIME OF LATEST TRANSACTION
control field 20250903145637.0
010 ## - LCCN (DPL NO)
LC control number ENG-146606
020 ## - INTERNATIONAL STANDARD BOOK NUMBER
International Standard Book Number 9788195931965
Terms of availability 250.00
035 ## - SYSTEM CONTROL NUMBER
System control number EN-130138
037 ## - SOURCE OF ACQUISITION
Source of stock number/acquisition DBAD
082 ## - DEWEY DECIMAL CLASSIFICATION NUMBER
Classification number 306.7660954
100 ## - MAIN ENTRY--PERSONAL NAME
Personal name Karmakar, Dani
245 ## - TITLE STATEMENT
Title Theatre & Sexuality/
Statement of responsibility, etc Dani karmakar
260 ## - PUBLICATION, DISTRIBUTION, ETC. (IMPRINT)
Place of publication, distribution, etc Kolkata
Name of publisher, distributor, etc Rabindra Nagar Natyaayudh
Date of publication, distribution, etc 30 June, 2024
270 ## - ADDRESS
Address 3, West Rabindra Nagar, Dum Dum cantonment,
City Kolkata
Electronic mail address natyaayudh.theatre@gmail.com
Postal code 700065
300 ## - PHYSICAL DESCRIPTION
Extent 80p.
Dimensions 20cm(pbk)
942 ## - ADDED ENTRY ELEMENTS (KOHA)
Source of classification or shelving scheme Dewey Decimal Classification
Item type English Books
Classification part 306.7660954
Call number suffix KAR
Holdings
Withdrawn status Lost status Not for loan Collection code Home library Current library Date acquired Source of acquisition Cost, normal purchase price Full call number Barcode Copy number Cost, replacement price Koha item type
      Non-fiction Mobile Library Mobile Library 03/09/2025 DBAD 250.00 306.7660954 KAR EN-130138 1 250.00 English Books

© Delhi Public Library
Hit Counter
free hit counter